[Event "Prague Golden op"]
[Site "Prague"]
[Date "2022.07.12"]
[Round "4"]
[White "Moravek, Jakub"]
[Black "Svoboda, Daniel"]
[Result "1/2-1/2"]
[WhiteElo "1635"]
[BlackElo "1679"]
[PlyCount "58"]
[EventDate "2022.07.09"]
[EventType "swiss"]
[EventRounds "9"]
[EventCountry "CZE"]
[SourceTitle "CBM 209 Extra"]
[Source "ChessBase"]
[SourceDate "2022.09.30"]
[SourceVersion "1"]
[SourceVersionDate "2022.09.30"]
[SourceQuality "1"]

1. e4 c5 2. Nf3 d6 3. Bb5+ Nd7 4. d4 cxd4 5. Qxd4 a6 6. Ba4 b5 7. Bb3 e6 8. 0-0 Ngf6 9. a4 b4 10. Bg5 Be7 11. Nbd2 Bb7 12. Rad1 a5 13. e5 dxe5 14. Nxe5 Nxe5 15. Qxe5 Bd6 16. Qb5+ Qd7 17. Qxd7+ Nxd7 18. Nc4 Be7 19. Bxe7 Kxe7 20. Rxd7+ Kxd7 21. Nb6+ Ke7 22. Nxa8 Rxa8 23. Rd1 Rd8 24. Rxd8 Kxd8 25. Kf1 Kc7 26. f3 Ba6+ 27. Kf2 Kd6 28. Ke3 Kc5 29. f4 Bb7 1/2-1/2

[Event "Prague Golden op"]
[Site "Prague"]
[Date "2022.07.09"]
[Round "1"]
[White "Ptacnikova, Lenka"]
[Black "Svoboda, Daniel"]
[Result "1-0"]
[WhiteElo "2066"]
[BlackElo "1679"]
[PlyCount "77"]
[EventDate "2022.07.09"]
[EventType "swiss"]
[EventRounds "9"]
[EventCountry "CZE"]
[SourceTitle "CBM 209 Extra"]
[Source "ChessBase"]
[SourceDate "2022.09.30"]
[SourceVersion "1"]
[SourceVersionDate "2022.09.30"]
[SourceQuality "1"]

1. c4 c5 2. g3 g6 3. Bg2 Bg7 4. Nc3 Nc6 5. h4 Nf6 6. Nh3 e5 7. Ng5 d6 8. d3 h6 9. Nge4 Nxe4 10. Bxe4 Be6 11. Bd2 0-0 12. Qc1 h5 13. 0-0 f5 14. Bg5 Bf6 15. Bd5 Bxd5 16. Bxf6 Qxf6 17. Nxd5 Qg7 18. Kg2 Nb4 19. Nxb4 cxb4 20. Qe3 Rf6 21. d4 f4 22. Qe4 Re8 23. Rad1 Re7 24. Qd5+ Kh7 25. c5 e4 26. cxd6 f3+ 27. exf3 exf3+ 28. Kh2 Rd7 29. Rfe1 Rfxd6 30. Qxf3 Rxd4 31. Rxd4 Rxd4 32. Re6 Rd2 33. Qe3 Rxb2 34. Kg1 Qc3 35. Re7+ Kg8 36. Qe6+ Kh8 37. Qf7 Qc1+ 38. Kh2 Rxf2+ 39. Qxf2 1-0

[Event "Ceske Budejovice op-A"]
[Site "Ceske Budejovice"]
[Date "2022.07.08"]
[Round "8"]
[White "Travnicek, Jaroslav1111"]
[Black "Svoboda, Daniel"]
[Result "1-0"]
[WhiteElo "1730"]
[BlackElo "1679"]
[PlyCount "79"]
[EventDate "2022.07.01"]
[EventType "swiss"]
[EventRounds "9"]
[EventCountry "CZE"]
[SourceTitle "CBM 209 Extra"]
[Source "ChessBase"]
[SourceDate "2022.09.30"]
[SourceVersion "1"]
[SourceVersionDate "2022.09.30"]
[SourceQuality "1"]

1. e4 c5 2. c3 Nf6 3. e5 Nd5 4. d4 cxd4 5. cxd4 d6 6. Nf3 Nc6 7. Bc4 dxe5 8. dxe5 Ndb4 9. Qxd8+ Nxd8 10. Bb3 Bf5 11. Nd4 Bg6 12. 0-0 e6 13. Ba4+ Nbc6 14. Nxc6 Nxc6 15. Be3 a6 16. Bxc6+ bxc6 17. Rc1 Rc8 18. Nc3 Be7 19. Na4 0-0 20. Bc5 Bxc5 21. Rxc5 Rfd8 22. h3 Be4 23. Rac1 Rb8 24. Ra5 Rb5 25. Rc5 Bd3 26. b3 Rxa5 27. Rxa5 Rd5 28. Rxd5 exd5 29. Nc5 Be2 30. f4 Kf8 31. Kf2 Bd1 32. Nxa6 Ke7 33. Nc5 Kd8 34. Ke3 Bc2 35. Kd4 Bf5 36. Nb7+ Kc7 37. Nd6 Bb1 38. a3 f6 39. exf6 gxf6 40. Ne8+ 1-0

[Event "Ceske Budejovice op-A"]
[Site "Ceske Budejovice"]
[Date "2022.07.04"]
[Round "4"]
[White "Kukacka, Ladislav"]
[Black "Svoboda, Daniel"]
[Result "0-1"]
[WhiteElo "1555"]
[BlackElo "1679"]
[PlyCount "42"]
[EventDate "2022.07.01"]
[EventType "swiss"]
[EventRounds "9"]
[EventCountry "CZE"]
[SourceTitle "CBM 209 Extra"]
[Source "ChessBase"]
[SourceDate "2022.09.30"]
[SourceVersion "1"]
[SourceVersionDate "2022.09.30"]
[SourceQuality "1"]

1. Nf3 c5 2. g3 d5 3. Bg2 Nf6 4. 0-0 g6 5. d3 Bg7 6. Nbd2 0-0 7. c4 Nc6 8. e3 e5 9. Qc2 Nb4 10. Qb1 dxc4 11. dxc4 Nc6 12. e4 b6 13. Nxe5 Nxe5 14. f4 Neg4 15. e5 Bf5 16. exf6 Bxb1 17. fxg7 Re8 18. Rxb1 Qd4+ 19. Kh1 Nf2+ 20. Rxf2 Qxf2 21. h4 Re2 0-1

[Event "Prague Golden U20 op 17th"]
[Site "Prague"]
[Date "2022.06.25"]
[Round "2"]
[White "Martinkova, Klara"]
[Black "Svoboda, Daniel"]
[Result "0-1"]
[WhiteElo "1161"]
[BlackElo "1436"]
[PlyCount "62"]
[EventDate "2022.06.25"]
[EventType "swiss"]
[EventRounds "7"]
[EventCountry "CZE"]
[SourceTitle "EXT 2023"]
[Source "ChessBase"]
[SourceDate "2022.10.05"]
[SourceVersion "1"]
[SourceVersionDate "2022.10.05"]
[SourceQuality "1"]

1. e4 c5 2. Nf3 d6 3. Nc3 Nf6 4. Bc4 e6 5. d4 cxd4 6. Nxd4 Be7 7. 0-0 0-0 8. b3 a6 9. Bb2 b5 10. Bd3 Bb7 11. Re1 Nc6 12. Nxc6 Bxc6 13. e5 dxe5 14. Rxe5 Bd6 15. Re3 h6 16. Qe2 e5 17. Ne4 Nxe4 18. Bxe4 Bxe4 19. Rxe4 f5 20. Re3 e4 21. f3 Bc5 22. fxe4 f4 23. Qg4 Bxe3+ 24. Kf1 Qg5 25. Qe6+ Kh7 26. Qh3 f3 27. g3 b4 28. a3 Qb5+ 29. c4 bxc3+ 30. Ke1 f2+ 31. Kd1 Qd3# 0-1

[Event "Skalica op-B"]
[Site "Skalica"]
[Date "2021.08.29"]
[Round "9"]
[White "Benci, Rudolf"]
[Black "Svoboda, Daniel"]
[Result "1-0"]
[WhiteElo "1618"]
[BlackElo "1536"]
[PlyCount "49"]
[EventDate "2021.08.21"]
[EventType "swiss"]
[EventRounds "9"]
[EventCountry "SVK"]
[SourceTitle "CBM 204 Extra"]
[Source "ChessBase"]
[SourceDate "2021.11.30"]
[SourceVersion "1"]
[SourceVersionDate "2021.11.30"]
[SourceQuality "1"]

1. Nf3 c5 2. c4 Nf6 3. g3 g6 4. Bg2 Bg7 5. Nc3 Nc6 6. e4 0-0 7. d3 d6 8. 0-0 Bg4 9. h3 Bxf3 10. Bxf3 Nd4 11. Bg2 e5 12. Bg5 h6 13. Be3 Nd7 14. Qd2 Kh7 15. f4 f5 16. Bxd4 cxd4 17. Nd5 Nb6 18. exf5 gxf5 19. g4 fxg4 20. Be4+ Kh8 21. Qg2 gxh3 22. Qg6 h2+ 23. Kh1 Kg8 24. Qh7+ Kf7 25. fxe5+ 1-0

[Event "Skalica op-B"]
[Site "Skalica"]
[Date "2021.08.26"]
[Round "6"]
[White "Svoboda, Daniel"]
[Black "Kapolkova, Greta"]
[Result "1/2-1/2"]
[WhiteElo "1536"]
[BlackElo "1415"]
[PlyCount "53"]
[EventDate "2021.08.21"]
[EventType "swiss"]
[EventRounds "9"]
[EventCountry "SVK"]
[SourceTitle "CBM 204 Extra"]
[Source "ChessBase"]
[SourceDate "2021.11.30"]
[SourceVersion "1"]
[SourceVersionDate "2021.11.30"]
[SourceQuality "1"]

1. e4 e5 2. Nf3 Nf6 3. d4 exd4 4. e5 Nd5 5. Bc4 Nb6 6. Bb3 Bb4+ 7. Bd2 Bxd2+ 8. Nbxd2 Nc6 9. 0-0 0-0 10. Nc4 Nxc4 11. Bxc4 d6 12. Re1 dxe5 13. Nxe5 Nxe5 14. Rxe5 c6 15. Qf3 Qf6 16. Qe2 Bd7 17. Re1 g6 18. Re7 Rae8 19. Bxf7+ Rxf7 20. Rxe8+ Bxe8 21. Qxe8+ Kg7 22. f3 c5 23. Qe5 b6 24. Kf2 Qxe5 25. Rxe5 Kf6 26. f4 Rd7 27. Ke2 1/2-1/2